MARC

LEADER 00000nab a2200000 a 4500
001 vtls009315428
003 SK-MaSNL
005 20260303235438.0
008 140301|2007 xo |||||||||||||| b|slo
015 |a SNBRA2008/07  |2 snkbucl 
038 |a SNKBUCL 
040 |a SNKBUCL  |b slo  |e AACR2  |c SNKBUCL 
041 0 |a slo 
044 |a xo  |c SK 
080 |a 069.02:5:061.3  |x (437.6)  |2 2001 
080 |a 069.02:551.44  |x (437.6)  |2 2001 
080 |a 069.02:502.17  |x (437.6)  |2 2001 
080 |a 069.02:502.17:061.3  |x (437.6)  |2 2001 
100 1 |a Urbanová, Kristína,  |d 1954-  |4 aut  |9 104956 
245 1 0 |a 4. medzinárodná konferencia prírodovedných pracovníkov  |c Kristína Urbanová 
610 2 7 |a Slovenské múzeum ochrany prírody a jaskyniarstva  |2 snkbucl  |9 234632 
611 2 7 |a Medzinárodná konferencia prírodovedných pracovníkov múzeí a pracovníkov múzeí v prírode  |n (4 :  |d 2006 :  |c Liptovský Mikuláš, Slovensko)  |2 snkbucl  |9 1274110 
648 7 |a 2006  |2 snkbucl  |9 313148 
650 0 7 |a múzeá v prírode  |2 snkbucl  |9 59449 
650 0 7 |a prírodovedné múzeá  |2 snkbucl  |9 67738 
650 0 7 |a konferencie  |2 snkbucl  |9 19221 
773 0 |t Sinter 15  |d Liptovský Mikuláš : Slovenské múzeum ochrany prírody a jaskyniarstva, 2007  |g S. 30-31  |z 9788088924593 
852 |a SNK  |b KIS3GCP 
999 |c 2525939  |d 2527869